000 00602cab a2200217 4500
001 WB3346-40
008 090401t1997 xxu||||| |||| 00| 0 eng d
035 _a(Sirsi) u82322
041 _aeng
245 _aJones Lang Wootton in Moscow
260 _c1997
350 _a0
490 _aDaily Telegraph
_v24 November 1997, 29(1)
520 _aJones Lang Wootton has opened a full service office in Moscow in conjunction with Global ABMP.
650 _aJONES LANG WOOTTON
650 _aMOSCOW
650 _aRUSSIA
690 _aOVERSEAS-REST OF THE WORLD
942 _n0
948 _c25/11/1997
999 _c51956
_d51956